000 00754nam a22002417a 4500
999 _c11126
_d11126
003 AR-CdUCM
008 190402b ||||| |||| 00| 0 spa d
040 _aMUNICIPALIDAD PROVINCIAL DEL CUSCO
_cBIBLIOTECA MUNICIPAL DEL CUSCO
082 _aC / 869.56 /
_bB25
100 _aBarrionuevo, Roberto
_93424
245 _aCatacha :
_bUn libro de cuentos /
260 _aCusco :
_bEl Comercio,
_c1950.
300 _a110 páginas ;
_bilustraciones,
_c22 cm.
440 _aBiblioteca tradicional.
_n2
_928307
505 _aContenido: Cuentos.
650 _aLiteratura Peruana
_9132
650 _aSiglo XX
_98
650 _aCuentos
_9217
650 _aCusco
_9772
700 _aSueldo Guevara, Rubén (Prólogo)
_928308
942 _2ddc
_cLIBROS
945 _aachl